Visualizzazione normale
Vista MARC
- Lintanf J.P., Delooz M. P., Daneels G., Jacquemin C. e R
di Personal Name
Records bibliografici associati: 1
001 - CONTROL NUMBER
- control field: 62201
003 - CONTROL NUMBER IDENTIFIER
- control field:
005 - DATE AND TIME OF LATEST TRANSACTION
- control field: 20250520132527.0
008 - FIXED-LENGTH DATA ELEMENTS
- fixed length control field: 250520|| aca||aabn | a|a d
040 ## - CATALOGING SOURCE
- Original cataloging agency:
- Transcribing agency:
100 ## - HEADING--PERSONAL NAME
- Personal name: Lintanf J.P., Delooz M. P., Daneels G., Jacquemin C. e R
670 ## - SOURCE DATA FOUND
- Source citation: Work cat.: ()206472: Legrain Michel (et al.) 62200, Morale et familles: repères et jalons., 1989